000 00787nas a2200265Ia 4500
001 A50/R024-4629 [r000001760]
003 IT-MiCISF
008 161014c99999999xx |||||||||||| ||und||
040 _aIT-MiCISF
_cIT-MiCISF
041 _aITALIANO
100 _aCavedo Romeo
210 _aFamiglia oggi
222 _aFamiglia oggi
245 0 _aGli sposi nella Bibbia tra simbolo e realtà
250 _a1a ed.
260 _c1990
501 _bCISF - Centro Internazionale Studi Famiglia - Via Giotto, 36 20145 MILANO (non commercial uses only)
_cCopyright 2016
300 _app. 43-48
362 _a45, mag-giu. [1990]
500 _a Tema: coppia, bibbia, chiesa
650 _aFAMIGLIA - coppia
_varticolo
700 _aAA.VV.
942 _cCR
957 _71
999 _a4629
_bSi
_g1
_c222936
_d222936